000
00170nam a22000857a 4500
082
_a
621.381502SHE
100
_a
Shea Richard F
245
_a
Amplifier handbook
942
_c
BK
999
_c
15247
_d
15247